000 00192 a2200097 4500
020 _a9780071664295
041 _aspa
100 _aJoanna Rios
245 _aComplete Medical Spanish
942 _cK
999 _c26933
_d26933